| 000 | 01563nad a22003853uc4500 | ||
|---|---|---|---|
| 001 | BV047120326 | ||
| 003 | DE-604 | ||
| 005 | 20240516153621.0 | ||
| 007 | t | ||
| 008 | 210202s2020 |||| 00||| rus d | ||
| 020 |
_a9785422416707 _9978-5-4224-1670-7 |
||
| 035 | _a(OCoLC)1237586732 | ||
| 035 | _a(DE-599)BVBBV047120326 | ||
| 040 |
_aDE-604 _bger _cRU-10907106 |
||
| 041 | 0 | _arus | |
| 049 | _aDE-12 | ||
| 084 | _qDE-12 | ||
| 245 | 1 | 0 |
_aOboronno-promyšlennyj kompleks SSSR v gody Otečestvennoj vojny (ijun' 1941-1945) _nTom 5 _nČastʹ 1 _p(ijun' 1941-1942) _cRedakcionnaja kollegija toma: A.N. Artizov (predsedatel') [und viele weitere] |
| 264 | 1 |
_aMoskva _bKnižnyj klub Knigovek _c2020 |
|
| 300 |
_a872 Seiten _bgraphische Darstellungen |
||
| 336 |
_aText _btxt _2rdacontent |
||
| 337 |
_aohne Hilfsmittel zu benutzen _bn _2rdamedia |
||
| 338 |
_aBand _bnc _2rdacarrier |
||
| 490 | 0 | _aIstorija sozdanija i razvitija oboronno-promyšlennogo kompleksa Rossii i SSSR 1900-1963 | |
| 648 |
_a1941-1942 _911362 |
||
| 650 | _aZweiter Weltkrieg | ||
| 651 | _aSowjetunion | ||
| 655 | 7 |
_0(DE-588)4135952-5 _aQuelle _2gnd-content _9216 |
|
| 700 | 1 |
_aArtizov, Andrej Nikolaevič _d1958- _0(DE-588)1041291078 _4edt _962815 _eHerausgeberIn |
|
| 700 | 1 |
_aIl'in, Ju. V. _4edt _eHerausgeberIn _963623 |
|
| 700 | 1 |
_aMironenko, S. V. _4edt _eHerausgeberIn _963624 |
|
| 773 | 0 | 8 |
_qTom5,1 _wBV019888240 |
| 830 | 0 |
_aIstorija sozdanija i razvitija oboronno-promyšlennogo kompleksa Rossii i SSSR 1900-1963 _vtom 5 _w(DE-604)BV019888240 _962816 |
|
| 942 |
_2z _cMG |
||
| 999 |
_c70825 _d70825 |
||